Catalog

Record Details

Catalog Search



Mother Angelica : the remarkable story of a nun, ... Read More

Arroyo, Raymond.(Author).

Available copies

  • 1 of 1 copy available at LARL/NWRL Consortium. (Show)
  • 1 of 1 copy available at Northwest Regional Library.

Current holds

0 current holds with 1 total copy.

Show Only Available Copies
Location Call Number / Copy Notes Barcode Shelving Location Status Due Date
Red Lake Falls Public Library 921 ANG (Text) 35500005252943 Main Available -

Record details

  • ISBN: 0385510926
  • Physical Description: 384 p. : ill. ; 24 cm.
  • Edition: 1st ed.
  • Publisher: New York : Doubleday, 2004.

Content descriptions

Bibliography, etc. Note:
Includes bibliographical references.
Subject: M. Angelica (Mary Angelica), Mother, 1923-
Poor Clares > United States > Biography.
Eternal Word Television Network.
LDR 01196cam a22002898a 4500
00161881
003LARL_NWRL_CONSORTIUM
00520050912084818.0
008041104s2004 nyu b 000 0 eng
010 . ‡a2004062117
020 . ‡a0385510926
035 . ‡a(OCoLC)56955846
08200. ‡a271/.97302 ‡aB ‡222
1001 . ‡aArroyo, Raymond. ‡0(LARL_NWRL_CONSORTIUM)193205
24510. ‡aMother Angelica : ‡bthe remarkable story of a nun, her nerve, and a network of miracles / ‡cRaymond Arroyo.
250 . ‡a1st ed.
260 . ‡aNew York : ‡bDoubleday, ‡c2004.
300 . ‡a384 p. : ‡bill. ; ‡c24 cm.
504 . ‡aIncludes bibliographical references.
60000. ‡aM. Angelica ‡q(Mary Angelica), ‡cMother, ‡d1923- ‡0(LARL_NWRL_CONSORTIUM)153836
61020. ‡aPoor Clares ‡zUnited States ‡vBiography.
61020. ‡aEternal Word Television Network. ‡0(LARL_NWRL_CONSORTIUM)153895
901 . ‡a61881 ‡bOCLC ‡c61881 ‡tbiblio

Additional Resources